| 000 | 01502nam a2200253Ia 4500 | ||
|---|---|---|---|
| 999 |
_c36766 _d36766 |
||
| 001 | 2705 | ||
| 003 | GE_BSU | ||
| 005 | 20190605135838.0 | ||
| 008 | 181216s2012||||ge |||||||||||||| ||geo|| | ||
| 020 | _a9789941194689 | ||
| 040 | _cGE_BSU | ||
| 080 | _a27-9+27-242+27-246 გ–59 | ||
| 100 |
_aგოგებაშვილი, იაკობ _92095 |
||
| 245 |
_aსაღმრთო ისტორია : კოლექცია ბავშვებისათვის. 24 წიგნად : _bწ. 11 / _cმთ. რედ, მაია ალუდაური, რედ. თამარ მამაცაშვილი; ტექსტის რედ. მუშაობდნენ: ზურაბ სარჯველაძე, თამაზ ტონია, თამაზ ჩუბინიძე |
||
| 264 |
_aთბილისი : _bპალიტრა L, _c2012. |
||
| 300 |
_a46 გვ. ; _b20 სმ. |
||
| 700 |
_aალუდაური, მაია _eრედაქტორი _92096 |
||
| 700 |
_aსარჯველაძე, ზურაბ _eრედაქტორი _91178 |
||
| 700 |
_aტონია, თამაზ _eრედაქტორი _92097 |
||
| 700 |
_aჩუბინიძე, თამაზ _eრედაქტორი _92098 |
||
| 700 |
_aკაკაბაძე, გოჩა _eმხატვარი _92099 |
||
| 700 |
_aშენგელია, მამუკა _eმხატვარი _92100 |
||
| 942 |
_cBK _2udc |
||